Statistics for 2 Biggest Cities - South America

Click here to take the quiz!

General Stats

  • This quiz has been taken 55 times
  • The average score is 16 of 24

Answer Stats

CountryCity% Correct
ColombiaBogota
100%
ArgentinaBuenos Aires
100%
VenezuelaCaracas
100%
UruguayMontevideo
100%
Quito
100%
ChileSantiago
100%
BoliviaLa Paz/El Alto
98%
PeruLima
98%
Rio de Janeiro
98%
BrazilSao Paulo
98%
ParaguayAsuncion
86%
GuyanaGeorgetown
84%
Medellin
82%
SurinameParamaribo
80%
Cordoba
59%
EcuadorGuayaquil
59%
Maracaibo
48%
Santa Cruz
43%
Concepcion
18%
Ciudad del Este
11%
Salto
11%
Lelydorp
9%
Linden
9%
Chiclayo
7%

Score Distribution

Percentile by Number Answered

Percent of People with Each Score

Your Score History

You have not taken this quiz